000 01927nam0a2200421 4500
001 RU\NLR\BIBL_A\012645527
005 20260407023034.0
010 _a978-5-17-119878-7
_91500
021 _aRU
_b2021-209и
_9АЛ-П-37
035 _a(NLR Aleph) 012645527
090 _a12709815
_c12709816
100 _a20211118d2021 |||y0rusy50 ca
101 1 _arus
_ceng
102 _aRU
105 _aach|b|||000zy
181 0 _ab3
_bxb2e
181 0 _ai1
_baxxe
182 0 _an
200 1 _aStoned
_eнеизвестные фотографии и правдивые истории легендарной группы Роллинг Стоунз
_fДжо Вуд
_g[перевод с английского Александра Микитенко]
203 _aИзображение
_aТекст
_bвизуальные
_cнепосредственные
210 _aМосква
_cАСТ
_cКладезь
_d2021
215 _a255, [1] с.
_cил., цв. ил., портр., факс.
_d26
225 1 _aСерия "Биография. Музыка"
300 _aЗагл. и авт. ориг.: Stoned / Jo Wood
333 _a16+
454 0 _12001#$aStoned$fJo Wood
_1700#1$aWood$bJ.$gJo
_tStoned
_aWood, Jo
517 1 _aНеизвестные фотографии и правдивые истории легендарной группы Роллинг Стоунз
601 0 2 _a"Роллинг стоунз", ансамбль
_cВеликобритания
_92246641
_3RU\NLR\AUTH\661347792
686 1 _aЩ364.13(4Вл)6-68"Роллинг стоунз"
700 1 _aВуд
_bД.
_gДжо
712 0 2 _4570
_a"Роллинг стоунз", ансамбль
_cВеликобритания
_3RU\NLR\AUTH\8810008388
_9514516
942 _cBOOK
980 _aNB
980 4 _aVNP_SKP